000 00659nam a2200241Ia 4500
005 20260430150255.0
008 008 250103s9999 xx 000 0 eng d
037 _aTheses
040 _aCRL
040 _beng
040 _ceng
041 _2eng
041 _aeng
084 _qCRL
100 _aVodwal Sandeep Au.; Sinha Pankaj Gu.
_91237000
245 0 _aDeterminants of financial leverage in India
260 _c2022
300 _a206
650 _aManagement
700 _aUniversity of Delhi. Faculty of Managegment Studies. Dept. of Business Mangement & Industrial Administration
_91237001
942 _cTH
999 _c1849390
_d1849390